000
00167nam a22000857a 4500
245
_a
India 2017 A Ref. Annual
260
_b
Publ, Div.
300
_a
1206
942
_2
ddc
_c
RB
999
_c
4651
_d
4651